000 00488nam a2200181Ia 4500
005 20250326141709.0
008 250326s9999 xx 000 0 und d
037 _aTextbook
040 _aFMSL
_beng
_cFMSL
041 _aeng
_2eng
084 _aX.43 M1
_qFMSL
100 _aKhanna D D
_9401216
245 0 _aSouth West Asian Crisis
_cKhanna D D
260 _aCalcutta
_bCalcutta, Naya Prakash
_c1981
300 _a172p
942 _cTB
_hX.43 M1
999 _c1291540
_d1291540